عا لم ميں ا نتخا ب د لی (Record no. 172780)

MARC details
000 -LEADER
fixed length control field 00612nam a22001937a 4500
005 - DATE AND TIME OF LATEST TRANSACTION
control field 20200212170435.0
010 ## - LCCN (DPL NO)
LC control number A-304661
020 ## - INTERNATIONAL STANDARD BOOK NUMBER
Terms of availability 53.00
International Standard Book Number -
035 ## - SYSTEM CONTROL NUMBER
System control number A-304661
037 ## - SOURCE OF ACQUISITION
Source of stock number/acquisition BPPD
082 ## - DEWEY DECIMAL CLASSIFICATION NUMBER
Classification number 954.16
100 ## - MAIN ENTRY--PERSONAL NAME
Personal name مہيشو ر د يا ل
245 ## - TITLE STATEMENT
Title عا لم ميں ا نتخا ب د لی
Statement of responsibility, etc مہيشو ر د يا ل
246 ## - VARYING FORM OF TITLE
Title proper/short title Aalam Main Intikhab Dilli
Remainder of title byMaheshwar Dayal
260 ## - PUBLICATION, DISTRIBUTION, ETC. (IMPRINT)
Place of publication, distribution, etc Delhi
Name of publisher, distributor, etc Urdu Academy Delhi
Date of publication, distribution, etc 1987
270 ## - ADDRESS
Address Ghata Masjid Darya Ganj,
City N.Delhi
Postal code 110002
Telephone number -
Fax number -
Electronic mail address -
300 ## - PHYSICAL DESCRIPTION
Extent 516 ص
Dimensions 21 Cm.(P.b)
942 ## - ADDED ENTRY ELEMENTS (KOHA)
Source of classification or shelving scheme Dewey Decimal Classification
Item type Urdu Bks
Classification part 954.16
Call number suffix م ہ ي
Holdings
Withdrawn status Lost status Not for loan Collection code Home library Current library Date acquired Source of acquisition Cost, normal purchase price Full call number Barcode Copy number Cost, replacement price Koha item type
      Non-fiction Central Library Central Library 12/02/2020 BPPD/Ven. 53.00 954.16 م ہ ي A-304661 1 53.00 Urdu Bks

© Delhi Public Library
Hit Counter
free hit counter